| 000 | 01385nam a2200253 i 4500 | ||
|---|---|---|---|
| 001 | 000752716 | ||
| 003 | AM-YeHGA | ||
| 005 | 20250617143617.0 | ||
| 008 | 100723s1985 ru r 000 0 rus d | ||
| 040 | _aAM-YeHGA | ||
| 041 | 0 | _arus | |
| 100 | 1 | _aАничков, Андрей Дмитриевич | |
| 245 | 1 | 0 |
_aСтеореотаксические наведение : _bТеория и опыт клинического применения ЭВМ-методики / _cА. Д. Аничков, Ю. З. Полонский, Д. К. Камбарова; Под ред. Н. П. Бехтеревой. |
| 260 |
_aЛенинград : _bНаука _bЛенингр. отд-ние, _c1985. |
||
| 300 |
_a160 с. : _bил. ; _c21 см. |
||
| 500 | _aВ надзаг.: АН СССР, Науч. совет АН СССР и АМН СССР по физиологии человека, Ин-т физиологии им. И. П. Павлова | ||
| 504 | _aБиблиогр.: с. 155-157 | ||
| 653 | 0 | _aСтереотаксические исследования - Математические методы | |
| 653 | 0 | _aМозг головной - Болезни - Лечение | |
| 700 | 1 | _aПолонский, Юрий Зусьевич | |
| 700 | 1 | _aКамбарова, Диляда Курбановна | |
| 700 | 1 |
_aБехтеревая, Н.П _eред. _4edt |
|
| 090 | _c279845 | ||
| 999 |
_c278193 _d278193 |
||